000 00772nam a2200265Ia 4500
001 Para_3919
003 CHAP
008 220125s1941 xx 000 0 und d
010 _a202441
040 _cCHAP
090 _aPA FOLLETO 1314
100 _aTurner, Neely
_9115664
245 _aControl of the european corn borer by sprays and dusts /
_c Neely Turner
260 _aConnectituc :
_b Agricultural Experiment Station
300 _ap. 14-16
440 _aConnecticut. Agri. Exp. Sta. Circular; 144
_9167644
650 _aPyrausta nubilalis Aspersión
_9167645
901 _aPA FOLLETO 1314
902 _aA
905 _a0000001941 CON 0000000000 00
910 _a1941
942 _cPARA
942 _cPARA
_d1
999 _c202441
_d202441